000
00195 a2200109 4500
020
_a
9788416733316
041
_a
spa
100
_a
Carmen Gil
245
_a
Margarito
942
_c
BK
952
_7
1
999
_c
24080
_d
24080